| 000 | 00839nam a2200277Ia 4500 | ||
|---|---|---|---|
| 001 | Para_5797 | ||
| 003 | CHAP | ||
| 008 | 220125s1962 xx 000 0 und d | ||
| 010 | _a202633 | ||
| 040 | _cCHAP | ||
| 090 | _aPA TESIS 114 | ||
| 100 |
_aGarcía Martell, Celso _946251 |
||
| 245 |
_aAfidos colectados en la región de Chapingo / _c por Celso García Martell |
||
| 260 |
_aChapingo, Méx. : _b el autor |
||
| 300 | _a123 h. | ||
| 502 | _aTesis (Ing. Agr. Esp. en Parasitología Agrícola) ENA. Departamento Parasitología Agrícola | ||
| 650 |
_aAfididos _91031 |
||
| 710 |
_aENA. Departamento Parasitología Agrícola _9164684 |
||
| 901 | _aPA TESIS 114 | ||
| 902 | _aA | ||
| 905 | _a0000001962 a 0000000000 00 | ||
| 910 | _a1962 | ||
| 942 | _cPARA | ||
| 942 |
_cPARA _d1 |
||
| 999 |
_c202633 _d202633 |
||